| 000 | 00603nam a22001697a 4500 | ||
|---|---|---|---|
| 003 | SISC | ||
| 005 | 20160707134051.0 | ||
| 008 | 160707b xxu||||| |||| 00| 0 eng d | ||
| 020 | _a9780021187133 | ||
| 050 | _aLB 1573 .Au923 [2014] | ||
| 245 |
_aMcGraw-Hill reading wonders. Your turn practice book. _bGrade 6. / _cMcGraw-Hill Education. |
||
| 260 |
_aNew York : _bMcGraw-Hill Co., _c[2014]. |
||
| 300 |
_aviii, 300 p. : _bill. ; _c28 cm. |
||
| 650 | _aReading (Elementary) -- Problems, exercises, etc. | ||
| 650 | _aLanguage arts (Elementary) -- Problems, exercises, etc. | ||
| 942 |
_2lcc _cBK |
||
| 999 |
_c296219 _d296219 |
||